01173nam a22003014a 4500001001100000003000800011006001900019007001500038008004100053010001700094020001500111020002300126040002100149035002000170050002500190082001700215245008100232260010000313300002300413504005100436533015200487650002600639655002900665700002000694710001700714856012500731999001500856ebr5001658CaPaEBRm u cr cn|||||||||000211s2000 enka sb 001 0 eng  z 00023811  z0333800931 z031223404X (cloth) aCaPaEBRcCaPaEBR a(OCoLC)4983829514aHG4538b.F618 2000eb04a332.67/322100aForeign direct investmenth[electronic resource] /cedited by John-ren Chen. aHoundmills, Basingstoke, Hampshire :bMacmillan Press ;aNew York :bSt. Martin's Press,c2000. axi, 206 p. :bill. aIncludes bibliographical references and index. aElectronic reproduction.bPalo Alto, Calif. :cebrary,d2013.nAvailable via World Wide Web.nAccess may be limited to ebrary affiliated libraries. 0aInvestments, Foreign. 7aElectronic books.2local1 aChen, John-ren.2 aebrary, Inc.40uhttp://site.ebrary.com/lib/rucke/Doc?id=5001658zAn electronic book accessible through the World Wide Web; click to view c1267d1267